| 000 | 00506nam a2200181Ia 4500 | ||
|---|---|---|---|
| 001 | 11294 | ||
| 005 | 20260306162817.0 | ||
| 008 | 260306t2006||||xx |||||||||||||| ||spa|| | ||
| 041 | _aESP | ||
| 082 |
_a985.03 _bA74 |
||
| 100 |
_aArmas Asin, Fernando _eAUT |
||
| 245 | 0 |
_aLa invención del patrimonio católico: _bmodernidad e identidad en el espacio religioso peruano (1820-1950) |
|
| 260 | _c2006 | ||
| 300 |
_a183 páginas : _c24 cm. |
||
| 650 | _aGEN | ||
| 654 | _aCHU | ||
| 942 |
_cLIB _dJUS _fJUS _2ddc _n |
||
| 999 |
_c11294 _d11294 |
||